[Event "Budapest-chT1 Lilienthal 1213"]
[Site "Budapest"]
[Date "2013.03.10"]
[Round "9"]
[White "Sipos, Tibor"]
[Black "Palla, Akos Botond"]
[Result "1-0"]
[WhiteElo "2099"]
[BlackElo "1974"]
[PlyCount "55"]
[EventDate "2012.09.30"]
[EventType "team-tourn"]
[EventRounds "11"]
[EventCountry "HUN"]
[SourceTitle "EXT 2019"]
[Source "ChessBase"]
[SourceDate "2018.10.10"]
[SourceVersion "1"]
[SourceVersionDate "2018.10.10"]
[SourceQuality "1"]
[WhiteTeam "Budapest Vasas II"]
[BlackTeam "Sarkany II"]
[WhiteTeamCountry "HUN"]
[BlackTeamCountry "HUN"]

1. e4 c5 2. Nf3 d6 3. d4 cxd4 4. Nxd4 Nf6 5. Nc3 g6 6. f3 Bg7 7. Be3 Nc6 8. Bc4 Qb6 9. Bb5 Qc7 10. Nd5 Nxd5 11. exd5 a6 12. Nxc6 axb5 13. Bd4 bxc6 14. Bxg7 Rg8 15. Bc3 c5 16. a3 Ba6 17. Qd2 Bb7 18. Rd1 h5 19. 0-0 Kd7 20. Rfe1 Rae8 21. Qf4 Ref8 22. Qg5 e6 23. dxe6+ fxe6 24. Be5 Bd5 25. Bg3 Qd8 26. Rxd5 exd5 27. Qxd5 Rf6 28. Qb7+ 1-0

[Event "Nyiregyhaza op"]
[Site "Nyiregyhaza"]
[Date "2008.07.24"]
[Round "3"]
[White "Papp Zoltan, Csaba"]
[Black "Sipos, Tibor"]
[Result "1-0"]
[WhiteElo "2271"]
[BlackElo "2093"]
[PlyCount "155"]
[EventDate "2008.07.23"]
[EventType "swiss"]
[EventRounds "7"]
[EventCountry "HUN"]
[SourceTitle "EXT 2009"]
[Source "ChessBase"]
[SourceDate "2008.11.26"]
[SourceVersion "1"]
[SourceVersionDate "2008.11.26"]
[SourceQuality "1"]

1. e4 c5 2. Nf3 d6 3. b3 Nc6 4. d4 cxd4 5. Nxd4 Nf6 6. f3 a6 7. c4 e6 8. Be3 Be7 9. Be2 0-0 10. 0-0 Qc7 11. Nc3 Ne5 12. f4 Ned7 13. Bf3 Rb8 14. Rc1 Re8 15. Qe1 b6 16. Kh1 Bb7 17. Bf2 e5 18. Nd5 Qd8 19. Ne2 exf4 20. Nexf4 Bxd5 21. exd5 Ne5 22. Qd1 Nfd7 23. Rc2 Bg5 24. Nh3 Bh6 25. Bd4 Rb7 26. Re2 g6 27. Be4 Nc5 28. Bc2 Rbe7 29. Nf2 f5 30. Rfe1 Ncd7 31. Nd3 Nxd3 32. Qxd3 Bf4 33. Bf2 Rxe2 34. Rxe2 Rxe2 35. Qxe2 Be5 36. b4 Qc7 37. a4 Kf8 38. g4 f4 39. g5 a5 40. b5 Qd8 41. h4 Qe7 42. Kg2 Kg7 43. Qg4 Nc5 44. h5 Qd7 45. Qh4 gxh5 46. Qxh5 Kg8 47. Kf3 Qe7 48. g6 hxg6 49. Qxg6+ Qg7 50. Qh5 Kf8 51. Bh4 Qf7 52. Qxf7+ Kxf7 53. Bd8 Nd7 54. Bf5 Ke8 55. Bc7 Nc5 56. Bxb6 Nxa4 57. Bxa5 Bd4 58. Kxf4 Nb2 59. b6 Nxc4 60. b7 Ba7 61. Bc7 Ne3 62. Be6 Ke7 63. b8Q Bxb8 64. Bxb8 Nc4 65. Ba7 Ne5 66. Bf5 Nf7 67. Bf2 Ne5 68. Bh4+ Ke8 69. Ke4 Kf7 70. Bg3 Nc4 71. Kd4 Nb6 72. Bxd6 Kf6 73. Be6 Kg5 74. Kc5 Nxd5 75. Kxd5 Kf6 76. Be5+ Kg5 77. Ke4 Kg6 78. Kf4 1-0

[Event "Goed op 1st"]
[Site "Goed"]
[Date "2004.08.03"]
[Round "8"]
[White "Varadi, Viktor"]
[Black "Sipos, Tibor"]
[Result "1-0"]
[WhiteElo "2413"]
[BlackElo "2108"]
[PlyCount "65"]
[EventDate "2004.07.??"]
[EventType "swiss"]
[EventRounds "9"]
[EventCountry "HUN"]
[SourceTitle "EXT 2006"]
[Source "ChessBase"]
[SourceDate "2005.11.24"]
[SourceVersion "1"]
[SourceVersionDate "2005.11.24"]
[SourceQuality "1"]

1. e4 c5 2. Nf3 Nc6 3. d4 cxd4 4. Nxd4 Nf6 5. Nc3 e5 6. Ndb5 d6 7. Bg5 a6 8. Na3 b5 9. Nd5 Be7 10. Nxe7 Qxe7 11. c4 b4 12. Nc2 a5 13. Qf3 h6 14. Bh4 Qe6 15. Be2 Nd7 16. Qe3 Nc5 17. f3 b3 18. axb3 Rb8 19. Ra3 a4 20. bxa4 Rxb2 21. Qc1 Rb8 22. 0-0 Ba6 23. Ne3 Nd4 24. Re1 0-0 25. Bf1 Qd7 26. a5 Ncb3 27. Qc3 Qc6 28. Bf2 Rfc8 29. Nd5 Kf8 30. Nb6 Nxa5 31. Nxc8 Nab3 32. Na7 Qb7 33. Rb1 1-0

[Event "Goed op 1st"]
[Site "Goed"]
[Date "2004.08.01"]
[Round "6"]
[White "Sipos, Tibor"]
[Black "Szurovszky, Elek"]
[Result "1-0"]
[WhiteElo "2108"]
[BlackElo "2191"]
[PlyCount "41"]
[EventDate "2004.07.??"]
[EventType "swiss"]
[EventRounds "9"]
[EventCountry "HUN"]
[SourceTitle "EXT 2006"]
[Source "ChessBase"]
[SourceDate "2005.11.24"]
[SourceVersion "1"]
[SourceVersionDate "2005.11.24"]
[SourceQuality "1"]

1. e4 e5 2. Nf3 Nc6 3. Bb5 Bc5 4. c3 f5 5. 0-0 fxe4 6. Bxc6 dxc6 7. Nxe5 Bd6 8. Re1 Nf6 9. f4 Bc5+ 10. d4 exd3+ 11. Be3 Bxe3+ 12. Rxe3 0-0 13. Qb3+ Nd5 14. Rxd3 Rxf4 15. g3 Qg5 16. Rxd5 Rf1+ 17. Kxf1 Qf5+ 18. Kg1 Be6 19. Nxc6 Qf6 20. Nd8 Qf3 21. Rd3 1-0

[Event "Goed op 1st"]
[Site "Goed"]
[Date "2004.07.28"]
[Round "2"]
[White "Sipos, Tibor"]
[Black "Karolyfalvi, Zoltan"]
[Result "1-0"]
[WhiteElo "2108"]
[BlackElo "2206"]
[PlyCount "67"]
[EventDate "2004.07.??"]
[EventType "swiss"]
[EventRounds "9"]
[EventCountry "HUN"]
[SourceTitle "EXT 2006"]
[Source "ChessBase"]
[SourceDate "2005.11.24"]
[SourceVersion "1"]
[SourceVersionDate "2005.11.24"]
[SourceQuality "1"]

1. e4 c5 2. Nf3 d6 3. d4 cxd4 4. Nxd4 Nf6 5. Nc3 e6 6. Be3 a6 7. Be2 b5 8. Bf3 e5 9. Nb3 Be6 10. Qd2 Be7 11. Nd5 Nxd5 12. exd5 Bd7 13. Be2 0-0 14. c4 bxc4 15. Na5 f5 16. f3 Bh4+ 17. g3 f4 18. Bf2 fxg3 19. hxg3 Bg5 20. Qb4 Rf6 21. Kf1 Qf8 22. Qb7 e4 23. Qxa8 e3 24. Nc6 Bxc6 25. dxc6 Rxf3 26. Bxf3 Qxf3 27. Qxb8+ Kf7 28. Qc7+ Ke6 29. Qc8+ Kd5 30. Rh2 exf2 31. c7 Qd3+ 32. Kg2 Qe2 33. Qf5+ Kc6 34. Qxf2 1-0

[Event "HUN-chT 0304"]
[Site "Hungary"]
[Date "2004.01.25"]
[Round "6"]
[White "Zakarias, David"]
[Black "Sipos, Tibor"]
[Result "1-0"]
[WhiteElo "2235"]
[BlackElo "2098"]
[PlyCount "41"]
[EventDate "2003.09.28"]
[EventType "team"]
[EventRounds "11"]
[EventCountry "HUN"]
[SourceTitle "EXT 2006"]
[Source "ChessBase"]
[SourceDate "2005.11.24"]
[SourceVersion "1"]
[SourceVersionDate "2005.11.24"]
[SourceQuality "1"]

1. d4 d5 2. Nf3 Nf6 3. c4 c6 4. Nc3 a6 5. a4 e6 6. Bg5 Bb4 7. Qc2 Qa5 8. Bxf6 gxf6 9. e3 b5 10. cxd5 cxd5 11. Bd3 Bd7 12. 0-0 Bxc3 13. axb5 Qb6 14. Qxc3 Ra7 15. Qc5 Qb7 16. e4 a5 17. exd5 exd5 18. Rfe1+ Be6 19. b6 Nd7 20. Bb5 Ra8 21. Bc6 1-0

[Event "HUN-chT 0304"]
[Site "Hungary"]
[Date "2003.09.28"]
[Round "1"]
[White "Sipos, Tibor"]
[Black "Szabolcsi, Janos"]
[Result "0-1"]
[WhiteElo "2098"]
[BlackElo "2386"]
[PlyCount "64"]
[EventDate "2003.09.28"]
[EventType "team"]
[EventRounds "11"]
[EventCountry "HUN"]
[SourceTitle "EXT 2005"]
[Source "ChessBase"]
[SourceDate "2004.11.15"]
[SourceVersion "1"]
[SourceVersionDate "2004.11.15"]
[SourceQuality "1"]

1. e4 c5 2. Nf3 e6 3. d4 cxd4 4. Nxd4 Nc6 5. Nc3 Qc7 6. Be2 a6 7. 0-0 Nf6 8. Be3 Bb4 9. Na4 0-0 10. Nxc6 bxc6 11. Nb6 Rb8 12. Nxc8 Rfxc8 13. Bxa6 Rd8 14. Qf3 Bd6 15. g3 Be5 16. Bd3 d5 17. Bg5 Rxb2 18. Qe2 Ra8 19. Bxf6 Bxf6 20. Rab1 Raxa2 21. Kh1 g6 22. Rfd1 c5 23. exd5 exd5 24. Rxb2 Rxb2 25. Bb5 Qb8 26. Bc6 d4 27. Bd5 Kg7 28. Qc4 Qc8 29. Bxf7 Qf5 30. Rf1 Rxc2 31. Qb3 Rxf2 32. Rxf2 Qxf2 0-1

[Event "Gyongyos Matra Cup"]
[Site "Gyongyos"]
[Date "2003.07.24"]
[Round "3"]
[White "Sipos, Tibor"]
[Black "Csiszar, Zoltan"]
[Result "1/2-1/2"]
[WhiteElo "2098"]
[BlackElo "2251"]
[PlyCount "30"]
[EventDate "2003.07.22"]
[EventType "swiss"]
[EventRounds "9"]
[EventCountry "HUN"]
[SourceTitle "EXT 2005"]
[Source "ChessBase"]
[SourceDate "2004.11.15"]
[SourceVersion "1"]
[SourceVersionDate "2004.11.15"]
[SourceQuality "1"]

1. e4 c5 2. Nf3 d6 3. d4 cxd4 4. Nxd4 Nf6 5. Nc3 a6 6. Be2 e6 7. Be3 Be7 8. 0-0 Qc7 9. f4 Nc6 10. a4 0-0 11. Qe1 Rb8 12. Qg3 Re8 13. Bd3 Bf8 14. Rae1 Kh8 15. Nf3 Nb4 1/2-1/2

[Event "HUN-ch U20"]
[Site "Budapest"]
[Date "2003.04.22"]
[Round "9"]
[White "Sipos, Tibor"]
[Black "Budai, David"]
[Result "1-0"]
[WhiteElo "2058"]
[BlackElo "2117"]
[PlyCount "65"]
[EventDate "2003.04.14"]
[EventType "swiss"]
[EventRounds "9"]
[EventCountry "HUN"]
[SourceTitle "EXT 2004"]
[Source "ChessBase"]
[SourceDate "2003.11.25"]
[SourceVersion "1"]
[SourceVersionDate "2003.11.25"]
[SourceQuality "1"]

1. e4 c5 2. Nf3 d6 3. d4 cxd4 4. Nxd4 Nf6 5. Nc3 g6 6. Be3 Bg7 7. f3 Nc6 8. Qd2 0-0 9. Bc4 Bd7 10. 0-0-0 Rc8 11. Bb3 Ne5 12. Kb1 Nc4 13. Bxc4 Rxc4 14. g4 b5 15. b3 b4 16. Nce2 Rc8 17. Qxb4 a5 18. Qd2 a4 19. c3 e5 20. Nc2 axb3 21. axb3 Be6 22. Kb2 Qd7 23. Nb4 Qb5 24. Qd3 Qb7 25. Qa6 Qe7 26. Qxd6 Qb7 27. Qb6 Qe7 28. g5 Nh5 29. Nd5 Qe8 30. Bc5 Bxd5 31. Rxd5 Nf4 32. Nxf4 exf4 33. Rc1 1-0

[Event "HUN-ch U20"]
[Site "Budapest"]
[Date "2003.04.16"]
[Round "3"]
[White "Sipos, Tibor"]
[Black "Konnyu, Janos"]
[Result "0-1"]
[WhiteElo "2058"]
[BlackElo "2287"]
[PlyCount "114"]
[EventDate "2003.04.14"]
[EventType "swiss"]
[EventRounds "9"]
[EventCountry "HUN"]
[SourceTitle "EXT 2004"]
[Source "ChessBase"]
[SourceDate "2003.11.25"]
[SourceVersion "1"]
[SourceVersionDate "2003.11.25"]
[SourceQuality "1"]

1. e4 c5 2. Nf3 Nc6 3. d4 cxd4 4. Nxd4 Nf6 5. Nc3 e5 6. Ndb5 d6 7. Bg5 a6 8. Na3 b5 9. Bxf6 gxf6 10. Nd5 f5 11. Bd3 Be6 12. 0-0 Bxd5 13. exd5 Ne7 14. c3 Bg7 15. Qh5 e4 16. Bc2 0-0 17. Rae1 Qb6 18. g4 Rae8 19. gxf5 Nxd5 20. Bxe4 Nf6 21. Qf3 b4 22. Nb1 bxc3 23. Nxc3 Qxb2 24. Re2 Qb4 25. Nd5 Nxd5 26. Bxd5 Rxe2 27. Qxe2 Qh4 28. Qe4 Qxe4 29. Bxe4 Re8 30. f3 Bd4+ 31. Kg2 Kg7 32. Rd1 Bc5 33. Kg3 Kf6 34. Kf4 Rg8 35. Rd2 h5 36. h4 Rg1 37. Re2 a5 38. a4 Rd1 39. Bc2 Rd4+ 40. Re4 Rd2 41. Rc4 Bf2 42. Be4 Bg1 43. Rc2 Rd1 44. Rg2 Re1 45. Bc2 Bd4 46. Kg3 Rf1 47. Re2 Rh1 48. f4 Bc5 49. Rh2 Re1 50. Rd2 Bb4 51. Rg2 Re3+ 52. Kf2 Bc5 53. Rh2 Rc3+ 54. Ke1 Rf3 55. Ke2 Rxf4 56. Rh3 Rf2+ 57. Kd3 Kxf5 0-1

[Event "HUN-chT 0203"]
[Site "Hungary"]
[Date "2003.02.02"]
[Round "6.12"]
[White "Schneider, Veronika"]
[Black "Sipos, Tibor"]
[Result "1/2-1/2"]
[WhiteElo "2117"]
[BlackElo "2064"]
[PlyCount "62"]
[EventDate "2002.09.22"]
[EventType "team"]
[EventRounds "11"]
[EventCountry "HUN"]
[SourceTitle "EXT 2004"]
[Source "ChessBase"]
[SourceDate "2003.11.25"]
[SourceVersion "1"]
[SourceVersionDate "2003.11.25"]
[SourceQuality "1"]
[WhiteTeam "Godollo"]
[BlackTeam "Vasas"]
[WhiteTeamCountry "HUN"]
[BlackTeamCountry "HUN"]

1. e4 c5 2. c3 d5 3. exd5 Qxd5 4. d4 Nf6 5. Be3 cxd4 6. cxd4 e6 7. Nf3 Nc6 8. Nc3 Qd6 9. a3 Be7 10. Bd3 0-0 11. Qc2 h6 12. Rc1 Bd7 13. 0-0 Rac8 14. Qe2 a6 15. Rcd1 Rfd8 16. Bb1 Bf8 17. Rfe1 Re8 18. Qd2 Nd5 19. Qd3 g6 20. Ne4 Qc7 21. Ba2 Qd8 22. Ne5 Nxe5 23. dxe5 Nxe3 24. Nf6+ Qxf6 25. exf6 Nxd1 26. Rxd1 Bb5 27. Qe4 Red8 28. Re1 Bc6 29. Qg4 Bd5 30. Bb1 Rc4 31. Qe2 Rdc8 1/2-1/2

[Event "HUN tt U20"]
[Site "Budapest"]
[Date "2001.12.30"]
[Round "6"]
[White "Berczes, David"]
[Black "Sipos, Tibor"]
[Result "1/2-1/2"]
[WhiteElo "2140"]
[BlackElo "1992"]
[PlyCount "50"]
[EventDate "2001.12.27"]
[EventType "team"]
[EventRounds "7"]
[EventCountry "HUN"]
[SourceTitle "EXT 2004"]
[Source "ChessBase"]
[SourceDate "2003.11.25"]
[SourceVersion "1"]
[SourceVersionDate "2003.11.25"]
[SourceQuality "1"]

1. e4 e6 2. d4 d5 3. Nd2 Nf6 4. e5 Nfd7 5. Bd3 c5 6. c3 Nc6 7. Ne2 cxd4 8. cxd4 f6 9. exf6 Nxf6 10. Nf3 Bd6 11. 0-0 0-0 12. Bf4 Bxf4 13. Nxf4 Ne4 14. Qc1 Ng5 15. Nxg5 Qxg5 16. Bxh7+ Kxh7 17. Nxe6 Qxc1 18. Nxf8+ Kg8 19. Raxc1 Kxf8 20. Rfd1 Be6 21. f3 Ke7 22. Kf2 Rf8 23. Rc3 Kd6 24. Ke3 g5 25. a3 Rf7 1/2-1/2

[Event "HUN tt U20"]
[Site "Budapest"]
[Date "2001.12.28"]
[Round "3"]
[White "Rudolf, Anna"]
[Black "Sipos, Tibor"]
[Result "1-0"]
[WhiteElo "2037"]
[BlackElo "1992"]
[PlyCount "101"]
[EventDate "2001.12.27"]
[EventType "team"]
[EventRounds "7"]
[EventCountry "HUN"]
[SourceTitle "EXT 2004"]
[Source "ChessBase"]
[SourceDate "2003.11.25"]
[SourceVersion "1"]
[SourceVersionDate "2003.11.25"]
[SourceQuality "1"]

1. e4 e6 2. d4 d5 3. Nc3 Nf6 4. Bg5 Be7 5. e5 Nfd7 6. Bxe7 Qxe7 7. f4 a6 8. Nf3 c5 9. dxc5 Nxc5 10. Bd3 Nc6 11. a3 b5 12. 0-0 h6 13. Qd2 Bb7 14. Ne2 f5 15. Nfd4 Rd8 16. Nxc6 Bxc6 17. Nd4 Bb7 18. Rae1 0-0 19. Qe2 Rc8 20. Qh5 Na4 21. b4 Nb2 22. Ra1 Nxd3 23. cxd3 Rc3 24. Rfd1 Rfc8 25. Qg6 Re8 26. Qg3 Kh7 27. Rdc1 Rec8 28. Rxc3 Rxc3 29. Qe3 Bc8 30. Rc1 Qc7 31. Ne2 Rc2 32. Rxc2 Qxc2 33. d4 Bd7 34. Kf2 Be8 35. Qf3 g5 36. fxg5 hxg5 37. Qc3 Qa2 38. Qc7+ Kh6 39. Qe7 Bh5 40. Qxe6+ Bg6 41. Qxa6 f4 42. Qxb5 Qb3 43. Qc6 Qe3+ 44. Ke1 f3 45. gxf3 Qxf3 46. Qf6 Qxa3 47. Qh8+ Bh7 48. Qf8+ Kh5 49. Kf2 Qb2 50. e6 Bg6 51. e7 1-0

[Event "HUN tt U20"]
[Site "Budapest"]
[Date "2001.12.27"]
[Round "1"]
[White "Kovacs, Norbert"]
[Black "Sipos, Tibor"]
[Result "0-1"]
[WhiteElo "1534"]
[BlackElo "1992"]
[PlyCount "56"]
[EventDate "2001.12.27"]
[EventType "team"]
[EventRounds "7"]
[EventCountry "HUN"]
[SourceTitle "EXT 2004"]
[Source "ChessBase"]
[SourceDate "2003.11.25"]
[SourceVersion "1"]
[SourceVersionDate "2003.11.25"]
[SourceQuality "1"]

1. d4 Nf6 2. c4 e6 3. Nc3 Bb4 4. Qc2 0-0 5. Bg5 h6 6. Bxf6 Qxf6 7. e3 d5 8. Nf3 b6 9. Be2 Bb7 10. b3 c5 11. 0-0 Nd7 12. a3 Bxc3 13. Qxc3 Rac8 14. Rac1 Qe7 15. b4 Nf6 16. bxc5 bxc5 17. Qd3 Ba6 18. Ne5 Rfd8 19. Qb3 Ne4 20. Rfd1 Rd6 21. f3 Rb6 22. Qa2 Rcb8 23. Rc2 Nc3 24. Rxc3 Rb2 25. Qa1 Rxe2 26. Nc6 Qg5 27. g3 Qh5 28. h4 Qxf3 0-1